00442nam a2200157Ia 4500008004100000040001900041041001200060082002700072100002200099245004400121260002800165300002200193440003000215650001800245850002100263131103s9999 xx 000 0 und d aLoreto College aEnglish a822.6/bGOL LCBkB/E347 aGoldsmith, Oliver aShe stoops to conquercOliver Goldsmith aLondonbMacmillanc1960 axlii,107p c 20cm aEnglish Literature Series aEnglish drama aLCBkB/822.6/ GOL